|
|
|
|
| LEADER |
00000nam0a2200000 4500 |
| 001 |
55928 |
| 005 |
20231031052955.0 |
| 035 |
|
|
|a (RuTPU)RU\TPU\book\58718
|
| 090 |
|
|
|a 55928
|
| 100 |
|
|
|a 20030923d1973 km y0rusy50 ca
|
| 101 |
0 |
|
|a rus
|
| 102 |
|
|
|a RU
|
| 105 |
|
|
|a a z 001zy
|
| 200 |
1 |
|
|a Инфракрасная техника
|f И. Б. Левитин
|
| 210 |
|
|
|a Ленинград
|c Энергия
|d 1973
|
| 215 |
|
|
|a 157 с.
|c ил.
|
| 320 |
|
|
|a Библиогр.: с. 153-155.
|
| 610 |
1 |
|
|a инфракрасная техника
|
| 610 |
1 |
|
|a инфракрасное излучение
|
| 610 |
1 |
|
|a приемники
|
| 610 |
1 |
|
|a приемники излучения
|
| 610 |
1 |
|
|a инфракрасные изображения
|
| 675 |
|
|
|a 621.384.3
|v 3
|
| 700 |
|
1 |
|a Левитин
|b И. Б.
|g Исидор Борисович
|
| 801 |
|
1 |
|a RU
|b 63413507
|c 20030923
|g PSBO
|
| 801 |
|
2 |
|a RU
|b 63413507
|c 20210902
|g PSBO
|
| 942 |
|
|
|c BK
|